000 01722cam a22004934i 4500
003 PE-LiUPU
005 20250731184525.0
008 150623s1987 xxu rb 000 0 eng d
020 _a0813512778
035 _a(Sirsi) i9780813512778
040 _aPE-LiUPU
_bspa
_cPE-LiUPU
_erda
049 _aPRUA
082 0 4 _a949.5
_bB39
_221
100 1 _aBernal, Martín,
_eautor.
245 1 0 _aBlack athena :
_bthe afroasiatic roots of classical civilization /
_cMartin Bernal.
264 1 _aNew Brunswick, New Jersey :
_bRutgers University press,
_c1987.
300 _a575 páginas ;
_c23 centímetros
336 _atext
_2rdacontent
337 _aunmediated
_2rdamedia
338 _avolume
_2rdacarrier
504 _aIncluye bibliografía.
505 0 _aThe ancient model in antiquity -- Egyptian wisdom and greek transmission from the dark ages to the renaissance.
526 _aP136
526 _aP135
526 _aP134
526 _aP133
526 _aP144
526 _aP143
526 _aP87
526 _aP35
526 _aP20
526 _aP14
526 _aP10
526 _aP06
630 _aCivilización griega
_xInfluencias egipcias.
630 _aCivilización griega
_xInfluencias fenicias.
630 _aCivilización griega
_yHasta 146 aC.
942 _2ddc
_cBOOK
949 _a949.5 B39
_wDEWEY
_c1
_i43805
_lCCODEBUL1
_mBUL
_r0
_sY
_tBOOK
_u2015-6-24
_xTEOLOGIA
_PP35
_0COMPRA
_o.STAFF. Colección General
994 _aC0
_bPEPRU
596 _a1
999 _a949.5 B39
_wDEWEY
_c20207
_i43805
_d20207
_f2021-11-12
_g5
_lCCODEBUL1
_mBUL
_p35.90
_q1
_r0
_sY
_tBOOK
_u2015-6-24
_xTEOLOGIA
_PP35
_0COMPRA
_o.STAFF. Colección Teología
980 _81
_gALBERTO SANCHEZ Responsable de Automatización